5HLuxD.jpg

KING HENRY VIII SENIOR AND PRIMARY SCHOOL LIBRARY OPAC

The creature from the seventh grade : (Record no. 1153)

000 -LEADER
fixed length control field 01308cam a2200361 a 4500
001 - CONTROL NUMBER
control field 17188182
003 - CONTROL NUMBER IDENTIFIER
control field OSt
005 - DATE AND TIME OF LATEST TRANSACTION
control field 20220801113211.0
008 - FIXED-LENGTH DATA ELEMENTS--GENERAL INFORMATION
fixed length control field 120229s2012 nyua c 000 1 eng
010 ## - LIBRARY OF CONGRESS CONTROL NUMBER
LC control number 2012000865
020 ## - INTERNATIONAL STANDARD BOOK NUMBER
International Standard Book Number 9780670012718 (hardback)
040 ## - CATALOGING SOURCE
Original cataloging agency DLC
Transcribing agency DLC
Modifying agency KH8
042 ## - AUTHENTICATION CODE
Authentication code pcc
-- lcac
050 00 - LIBRARY OF CONGRESS CALL NUMBER
Classification number PZ7.B1793
Item number Cre 2012
082 00 - DEWEY DECIMAL CLASSIFICATION NUMBER
Classification number FIC BAL
Edition number 23
100 1# - MAIN ENTRY--PERSONAL NAME
Personal name Balaban, Bob.
Relator term Author
245 14 - TITLE STATEMENT
Title The creature from the seventh grade :
Remainder of title boy or beast /
Statement of responsibility, etc. by Bob Balaban ; illustrated by Andy Rash.
246 30 - VARYING FORM OF TITLE
Title proper/short title Boy or beast
260 ## - PUBLICATION, DISTRIBUTION, ETC.
Place of publication, distribution, etc. New York :
Name of publisher, distributor, etc. Viking,
Date of publication, distribution, etc. c2012.
300 ## - PHYSICAL DESCRIPTION
Extent 242 p. :
Other physical details ill. :
Dimensions 22 cm.
520 ## - SUMMARY, ETC.
Summary, etc. "When nerdy 12-year-old Charlie Drinkwater spontaneously morphs into a giant sea creature, the big question is: could this be his ticket to popularity at last?"--
Assigning source Provided by publisher.
521 1# - TARGET AUDIENCE NOTE
Target audience note Ages 8-12.
650 #1 - SUBJECT ADDED ENTRY--TOPICAL TERM
Topical term or geographic name entry element Metamorphosis
Form subdivision Fiction.
650 #1 - SUBJECT ADDED ENTRY--TOPICAL TERM
Topical term or geographic name entry element Popularity
Form subdivision Fiction.
650 #1 - SUBJECT ADDED ENTRY--TOPICAL TERM
Topical term or geographic name entry element Middle schools
Form subdivision Fiction.
650 #1 - SUBJECT ADDED ENTRY--TOPICAL TERM
Topical term or geographic name entry element Schools
Form subdivision Fiction.
650 #1 - SUBJECT ADDED ENTRY--TOPICAL TERM
Topical term or geographic name entry element Family life
Geographic subdivision Illinois
Form subdivision Fiction.
650 #1 - SUBJECT ADDED ENTRY--TOPICAL TERM
Topical term or geographic name entry element Humorous stories.
700 1# - ADDED ENTRY--PERSONAL NAME
Personal name Rash, Andy,
Relator term ill.
906 ## - LOCAL DATA ELEMENT F, LDF (RLIN)
a 7
b cbc
c orignew
d 1
e ecip
f 20
g y-gencatlg
942 ## - ADDED ENTRY ELEMENTS (KOHA)
Source of classification or shelving scheme
Koha item type Books - Fiction
Holdings
Withdrawn status Lost status Source of classification or shelving scheme Damaged status Not for loan Collection code Permanent Location Current Location Shelving location Date acquired Total Checkouts Full call number Barcode Date last seen Date last checked out Price effective from Koha item type
          Fiction KH8 Senior School Library KH8 Senior School Library Fiction 2022-08-01 2 FIC BAL 3KHSL000101906 2024-08-23 2024-04-17 2022-08-01 Books - Fiction

Powered By KH8 IT Dept